Statistiques concernant Les pays qui visitent le plus l'Azerbaïdjan

Cliquez ici pour prendre le quiz!

Statistiques générales

  • Ce quiz a été pris 225 fois
  • Le résultat moyen est 14 sur 20

Statistiques - réponses

No.visiteurs#Pays% Correct
744,1251Russie
96%
313,3413Turquie
89%
5,78520France
88%
7,36318Chine
87%
506,3062Georgie
84%
16,09310Ouzbekistan
82%
248,6324Iran
80%
13,04211Allemagne
77%
31,9948Kazakhstan
76%
12,29113États-Unis
75%
62,9835Irak
74%
7,63716Turkmenistan
71%
6,01219Inde
70%
55,5086Ukraine
65%
8,65415Italie
63%
29,5149Royaume-Uni
62%
7,46317Arabie saoudite
56%
10,81414Israel
50%
53,1807Emirats arabes unis
37%
12,32012Biélorussie
35%

Distribution des résultats

Percentile par nombre de réponses

% des personnes avec chaque résultat

Votre développement - résultats

Vous n’avez pas pris ce quiz